La muerte de don César (Record no. 171289)

MARC details
000 -LEADER
campo de control de longitud fija 01086nam a22001935i 4500
001 - NÚMERO DE CONTROL
campo de control 171289
003 - IDENTIFICADOR DE NÚMERO DE CONTROL
campo de control ES-MaACL
005 - FECHA Y HORA DE LA ÚLTIMA TRANSACCIÓN
campo de control 20250818174140.0
008 - DATOS DE LONGITUD FIJA--INFORMACIÓN GENERAL
campo de control de longitud fija 090508s1866 sp |||| | spa d
100 1# - ENTRADA PRINCIPAL--NOMBRE DE PERSONA
Nombre de persona Crooke, Ramón.
9 (RLIN) 140064
245 13 - MENCIÓN DEL TÍTULO
Título La muerte de don César
Resto del título : parodia en un acto /
Mención de responsabilidad, etc. original de... Ramón Crooke y Saturnino Esteban Collantes.
260 ## - PUBLICACIÓN, DISTRIBUCIÓN, ETC.
Lugar de publicación, distribución, etc. Madrid :
Nombre del editor, distribuidor, etc. [s.n.],
Fecha de publicación, distribución, etc. 1866 (
Fabricante Imp. del Centro General de la Administración)
300 ## - DESCRIPCIÓN FÍSICA
Extensión 31, 16 p. ;
Dimensiones 18 cm.
500 ## - NOTA GENERAL
Nota general En port.: Representada por primera vez en el teatro de la Zarzuela la noche del 14 de abril de 1866.
500 ## - NOTA GENERAL
Nota general Las útlimas 16 p. es un catálogo editorial de los "Señores Salas, Helguero y Gaztambide"
700 1# - ENTRADA AGREGADA--NOMBRE PERSONAL
Nombre de persona Esteban Collantes, Saturnino Esteban Miquel y Collantes,
Títulos y otros términos asociados al nombre Conde de,
Fechas asociadas al nombre 1847-1937
9 (RLIN) 129959
852 ## - LOCALIZACIÓN
Ubicación ES-MaACL
Número de control de estantería F-8599(3)
Nota libre .- Enc. pasta española
condición física .- Falto de la cub. original
Nota libre .- Enc. en un vol. facticio formando parte de la col. facticia "Teatro español moderno", vol. 52
-- .- Dedicatoria autógrafa de Ramón Crooke en anteport.
Holdings
Estatus retirado Estado de pérdida Estado de daño No para préstamo Colección Biblioteca de origen Biblioteca actual Ubicación en estantería Fecha de adquisición Fuente de adquisición Total de préstamos Signatura topográfica completa Código de barras Visto por última vez Precio de reemplazo Tipo de ítem Koha
        Libros del s. XIX Biblioteca del Ateneo de Madrid Biblioteca del Ateneo de Madrid Sala Pecera Planta 2 08/05/2009     F-8599(3) 1179757 23/02/2023 23/02/2023 Libro impreso antiguo